Pacific trade and development : Papers and proceedings of a conference held

Gardado en:
Detalles Bibliográficos
Autor Principal: Kiyoshi, Kojima
Formato: Libro
Idioma:Undetermined
Publicado: Tokyo Japan Economic Research Center 1968
Các nhãn: Engadir etiqueta
Sen Etiquetas, Sexa o primeiro en etiquetar este rexistro!
Thư viện lưu trữ: Trung tâm Học liệu Trường Đại học Cần Thơ
LEADER 00510nam a2200181Ia 4500
001 CTU_98039
008 210402s9999 xx 000 0 und d
082 |a 382.09 
082 |b K78 
100 |a Kiyoshi, Kojima 
245 0 |a Pacific trade and development : 
245 0 |b Papers and proceedings of a conference held 
245 0 |c Kiyoshi Kojima 
260 |a Tokyo 
260 |b Japan Economic Research Center 
260 |c 1968 
904 |i Giang 
980 |a Trung tâm Học liệu Trường Đại học Cần Thơ